Thành phố Hồ Chí Minh cần một mô hình tổ chức chính quyền phù hợp để quản lý một đô thị đặc biệt
Saved in:
| Main Author: | |
|---|---|
| Format: | Book |
| Language: | Undetermined |
| Subjects: | |
| Online Access: | http://lrc.tdmu.edu.vn/opac/search/detail.asp?aID=2&ID=25564 |
| Tags: |
Add Tag
No Tags, Be the first to tag this record!
|
| Institutions: | Trung tâm Học liệu Trường Đại học Thủ Dầu Một |
|---|
| LEADER | 00728nam a2200145Ia 4500 | ||
|---|---|---|---|
| 001 | TDMU_25564 | ||
| 008 | 210410s9999 xx 000 0 und d | ||
| 082 | |a 352.16 | ||
| 100 | |a Diệp, Văn Sơn | ||
| 245 | 0 | |a Thành phố Hồ Chí Minh cần một mô hình tổ chức chính quyền phù hợp để quản lý một đô thị đặc biệt | |
| 245 | 0 | |c Diệp Văn Sơn | |
| 300 | |a Tr.43-45 | ||
| 650 | |a Chính trị xã hội; Quản lý đô thị; Mô hình; Tổ chức chính quyền; Thành phố Hồ Chí Minh | ||
| 856 | |u http://lrc.tdmu.edu.vn/opac/search/detail.asp?aID=2&ID=25564 | ||
| 980 | |a Trung tâm Học liệu Trường Đại học Thủ Dầu Một | ||